Villes de l'Hérault - Mort Subite - Statistiques

Statistiques générales
  • Ce quiz a été pris 234 fois
    221 depuis la dernière actualisation
  • Le résultat moyen est 9 sur 24
Answers on the Grid
Answers color-coded by a green-red scale on the quiz's grid according to % correct below.
Lunel
Montpellier
Lodève
Béziers
Sète
Agde
Marsillargues
Marseillan
Saint-Guilhem-le-Désert
La Salvetat-sur-Agout
Palavas-les-Flots
Saint-Jean-de-Védas
Ganges
Lacoste
Canet
Clermont l'Hérault
Mauguio
Castries
Capestang
Quarante
La Grande-Motte
Le Grau-du-Roi
Minerve
Viols-le-Fort
Avène
Rocamadour
Carcassonne
Lacaune
Narbonne
Mende
Le Vigan
Alès
Nice
Nîmes
Arles
Leucate
Saintes-Maries-de-la-Mer
Aigues-Mortes
Pont-Saint-Esprit
Avignon
Carpentras
Cavaillon
Èze
Castelnaudary
Millau
Capbreton
Foix
Uzès
Collioure
Vallon-Pont-d'Arc
 
Statistiques - réponses
Réponse % Correct
Montpellier
57%
Agde
56%
Béziers
56%
Sète
56%
Palavas-les-Flots
55%
La Grande-Motte
53%
Lodève
50%
Clermont l'Hérault
48%
Marseillan
45%
Mauguio
45%
Saint-Jean-de-Védas
41%
Lunel
39%
Saint-Guilhem-le-Désert
38%
Castries
30%
Ganges
29%
Viols-le-Fort
27%
Capestang
25%
Marsillargues
23%
Quarante
23%
Canet
21%
La Salvetat-sur-Agout
21%
Avène
19%
Lacoste
19%
Minerve
16%
Aucun quiz correspondant
Distribution des résultats
% des personnes avec chaque résultat
Percentile par nombre de réponses
Votre historique - résultats
Vous n’avez pas pris ce quiz depuis la dernière actualisation